[Event "Open Vitrolles 2018-2019"]
[Site "Aubagne"]
[Date "2018.11.24"]
[Round "3.5"]
[White "Briquet, Xavier"]
[Black "Derien, Robert"]
[Result "0-1"]
[WhiteElo "1420"]
[BlackElo "1524"]
[PlyCount "90"]

1. e4 d5 2. exd5 Nf6 3. d4 Nxd5 4. Bc4 c6 5. Qf3 e6 6. Ne2 Bd6 7. Nbc3 Nxc3 8.
Nxc3 Nd7 9. Ne4 Be7 10. O-O Nf6 11. c3 Nd5 12. Be3 O-O 13. Rad1 Qb6 14. Bb3 a5
15. Rb1 a4 16. Bc2 Qd8 17. Qh3 f5 18. Ng3 Nf6 19. Nh5 Nxh5 20. Qxh5 Bd7 21.
Rfe1 Be8 22. Qe2 Bg6 23. Bf4 Bf7 24. b3 a3 25. b4 Bd6 26. Bxd6 Qxd6 27. Bb3
Rae8 28. Rbd1 Re7 29. Rd3 f4 30. Rh3 Rfe8 31. Bc2 g6 32. Qe4 e5 33. Qf3 e4 34.
Qd1 Bxa2 35. Bb3+ Bxb3 36. Qxb3+ Qd5 37. Qxa3 e3 38. fxe3 Rxe3 39. Rhxe3 fxe3
40. Qc1 Qe4 41. h3 Qf4 42. Kh1 Qf2 43. Qd1 e2 44. Qb1 Rf8 45. Rg1 Qf1 0-1

[Event "Open Vitrolles 2018-2019"]
[Site "Aubagne"]
[Date "2018.11.24"]
[Round "3.6"]
[White "Bregier, Gerard"]
[Black "Benoit-Lizon, Alain"]
[Result "1/2-1/2"]
[WhiteElo "1452"]
[BlackElo "1415"]
[PlyCount "67"]

1. d4 Nf6 2. Bf4 c5 3. d5 Qb6 4. Nc3 Qxb2 5. Bd2 Qb6 6. e4 d6 7. Rb1 Qd8 8.
Bb5+ Bd7 9. a4 Bxb5 10. Rxb5 b6 11. f4 Nfd7 12. Nf3 g6 13. O-O Bg7 14. Qe1 O-O
15. Rb3 Na6 16. Kh1 Nc7 17. Ne2 Rb8 18. Ng5 h6 19. Rh3 hxg5 20. fxg5 f6 21. Qh4
Kf7 22. gxf6 exf6 23. Qf4 Ne5 24. g4 Qd7 25. Bc3 Qxg4 26. Bxe5 Qxh3 27. Bxf6
Qxf1+ 28. Qxf1 Bxf6 29. Qf4 Ke7 30. Qg4 g5 31. Ng3 Rbd8 32. Nf5+ Kf7 33. Qh5+
Kg8 34. Qg6+ 1/2-1/2

[Event "Open Vitrolles 2018-2019"]
[Site "Aubagne"]
[Date "2018.11.24"]
[Round "3.7"]
[White "Chauvet, Joelle"]
[Black "Mars, Florence"]
[Result "0-1"]
[WhiteElo "1441"]
[BlackElo "1253"]
[PlyCount "90"]

1. d4 Nf6 2. c4 e5 3. e3 Bb4+ 4. Bd2 Bxd2+ 5. Qxd2 exd4 6. Qxd4 Nc6 7. Qc3 O-O
8. Bd3 Re8 9. Nf3 d5 10. O-O Bg4 11. Nbd2 Bxf3 12. Nxf3 Ne4 13. Qb3 Nc5 14. Qd1
Nxd3 15. Qxd3 Ne5 16. Qxd5 Qxd5 17. cxd5 Nxf3+ 18. gxf3 Red8 19. Rfd1 f6 20. e4
Kf7 21. Rac1 Rac8 22. Rc3 Ke7 23. f4 Kd6 24. b4 Re8 25. Re3 Re7 26. e5+ fxe5
27. fxe5+ Rxe5 28. Kg2 Rf8 29. Rde1 Rfe8 30. Kf3 Rxe3+ 31. Rxe3 Rxe3+ 32. fxe3
Kxd5 33. h4 Ke5 34. a3 b6 35. Ke2 Ke4 36. Kd2 h6 37. h5 Kf5 38. b5 Kg5 39. Kd3
Kxh5 40. e4 Kg6 41. Ke3 Kf6 42. Kd4 Ke6 43. Ke3 Ke5 44. Kf3 h5 45. a4 g5 0-1

[Event "Open Vitrolles 2018-2019"]
[Site "Aubagne"]
[Date "2018.11.24"]
[Round "3.8"]
[White "Scamaroni, Jean-Paul"]
[Black "Amoros, Jean"]
[Result "0-1"]
[WhiteElo "1569"]
[BlackElo "1441"]
[PlyCount "62"]
[EventDate "2018.11.25"]
[SourceDate "2018.11.25"]

1. d4 Nf6 2. c4 e6 3. Nc3 c5 4. d5 exd5 5. cxd5 d6 6. e4 Be7 7. Bd3 O-O 8. Nge2
Nbd7 9. O-O Ne5 10. Bc2 Bg4 11. f3 Bh5 12. Nf4 Bg6 13. Nxg6 fxg6 14. f4 Ned7
15. e5 Ne8 16. e6 Nb6 17. f5 gxf5 18. Rxf5 Bf6 19. Qf1 Nc7 20. Qd3 g6 21. Rh5
Qe7 22. Rh3 Bd4+ 23. Be3 Nbxd5 24. Nxd5 Nxd5 25. Bxd4 Nf4 26. Qe4 Nxh3+ 27.
gxh3 cxd4 28. Qxd4 b6 29. Rd1 Rad8 30. Bb3 Rf5 31. Qg4 Rg5 0-1

[Event "Open Vitrolles 2018-2019"]
[Site "Aubagne"]
[Date "2018.09.03"]
[Round "3.9"]
[White "Lambert, Lancelot"]
[Black "Cens, Alain"]
[Result "0-1"]
[WhiteElo "1176"]
[BlackElo "1453"]
[PlyCount "38"]

1. e4 c5 2. Nf3 d6 3. d4 cxd4 4. Nxd4 Nf6 5. Nc3 g6 6. f3 Bg7 7. Bc4 O-O 8. Be3
Nc6 9. Qd2 Nd7 10. O-O-O Nb6 11. Nxc6 Nxc4 12. Qe2 bxc6 13. Qxc4 c5 14. h4 Rb8
15. b3 Qa5 16. Kb2 Ba6 17. Qd5 Qxc3+ 18. Kc1 Qa1+ 19. Kd2 Bc3# 0-1

[Event "Open Vitrolles 2018-2019"]
[Site "Aubagne"]
[Date "2018.11.24"]
[Round "3.10"]
[White "Porte, Jacques"]
[Black "Thiers, Jean-Jacques"]
[Result "0-1"]
[WhiteElo "1254"]
[BlackElo "1588"]
[PlyCount "74"]

1. d4 d5 2. Nf3 Nf6 3. c4 e6 4. Nc3 b6 5. Bg5 h6 6. Bf4 Bd6 7. Bd2 O-O 8. e3
Bb7 9. Ne5 Nbd7 10. f4 Re8 11. Qc2 dxc4 12. Nxc4 Bf8 13. e4 c5 14. Be3 Ng4 15.
Bg1 Qc7 16. e5 cxd4 17. Nb5 Bb4+ 18. Kd1 Qb8 19. a3 Bc5 20. b4 d3 21. Qxd3 Bxg1
22. Rxg1 Nf2+ 23. Kc2 Nxd3 24. Bxd3 Bd5 25. Nbd6 Re7 26. Ne3 f6 27. Nxd5 exd5
28. Nf5 Re6 29. Nd4 Re8 30. Bg6 Qc7+ 31. Kd2 Qc4 32. Ne2 fxe5 33. Bxe8 Rxe8 34.
Rac1 Qa2+ 35. Rc2 Qxa3 36. Rb1 exf4 37. Rc3 Qa2+ 0-1

[Event "Open Vitrolles 2018-2019"]
[Site "Aubagne"]
[Date "2018.11.24"]
[Round "3.11"]
[White "Pau, Gerard"]
[Black "Misene, Milan"]
[Result "0-1"]
[WhiteElo "1045"]
[BlackElo "1298"]
[PlyCount "78"]

1. e4 d6 2. Bc4 Nf6 3. d3 g6 4. Nf3 Bg7 5. Ng5 e6 6. d4 h6 7. Nf3 O-O 8. Nc3
Nxe4 9. Nxe4 d5 10. Bd3 dxe4 11. Bxe4 c6 12. O-O Nd7 13. c3 Nf6 14. Bd3 Qc7 15.
Ne5 Nd7 16. Bf4 Nxe5 17. dxe5 b6 18. Re1 Bb7 19. Be4 Bxe5 20. Bxe5 Qxe5 21.
Bxc6 Qc7 22. Bxb7 Qxb7 23. h3 Rad8 24. Qg4 Rd2 25. b4 b5 26. Qf4 Rc2 27. Qxh6
Rxc3 28. h4 Qd5 29. a4 a6 30. axb5 axb5 31. Rac1 Rfc8 32. Rxc3 Rxc3 33. Ra1 Rc4
34. Ra8+ Qxa8 35. h5 Rh4 36. Qc1 Rxh5 37. Qf1 Qa7 38. Qe1 Qd4 39. Qf1 Qh4 0-1

[Event "Open Vitrolles 2018-2019"]
[Site "Aubagne"]
[Date "2018.11.24"]
[Round "3.12"]
[White "Coquet, Bruno"]
[Black "Schoeni, Christine"]
[Result "1-0"]
[WhiteElo "1230"]
[BlackElo "1024"]
[PlyCount "63"]

1. e4 e5 2. Nf3 Nc6 3. Bc4 Nge7 4. c3 h6 5. d3 d6 6. a3 Ng6 7. b4 Be7 8. O-O
O-O 9. Re1 b6 10. Nbd2 a6 11. Nf1 b5 12. Bd5 Bd7 13. Ng3 Rb8 14. Nf5 Bf6 15.
Nxh6+ gxh6 16. Bxh6 Re8 17. h3 Nce7 18. Bb3 Nf4 19. Bxf4 exf4 20. d4 Ng6 21.
Nh2 Qc8 22. Qh5 Kg7 23. Ng4 Bxg4 24. hxg4 Rh8 25. Qd5 Qf8 26. e5 Ne7 27. exf6+
Kg8 28. fxe7 Qg7 29. e8=Q+ Rxe8 30. Rxe8+ Kh7 31. Bc2+ Kh6 32. Qh5# 1-0

[Event "Open Vitrolles 2018-2019"]
[Site "Aubagne"]
[Date "2018.12.08"]
[Round "4.1"]
[White "Guisset, Andre"]
[Black "Fournier, Alain"]
[Result "0-1"]
[WhiteElo "1367"]
[BlackElo "1510"]
[PlyCount "62"]

1. Nf3 d5 2. c4 c6 3. g3 f5 4. b3 Nf6 5. Bg2 e6 6. O-O Be7 7. Bb2 O-O 8. d3
Nbd7 9. Nbd2 a5 10. a3 Qb6 11. Qc2 Nc5 12. Bd4 Qc7 13. Ne5 Bd7 14. Nxd7 Ncxd7
15. Nf3 Rac8 16. Bc3 Bd6 17. b4 axb4 18. Bxb4 c5 19. Bd2 Rfe8 20. Rfe1 Nb6 21.
Ba5 dxc4 22. Reb1 cxd3 23. Qxd3 c4 24. Qc2 Bc5 25. Nd2 Bxf2+ 26. Kxf2 Qc5+ 27.
Kf1 Qxa5 28. Rc1 Qc5 29. Bxb7 Ng4 30. Ne4 fxe4 31. e3 Nxe3+ 0-1

[Event "Open Vitrolles 2018-2019"]
[Site "Aubagne"]
[Date "2018.12.08"]
[Round "4.2"]
[White "Jullien, Patrick"]
[Black "Derien, Robert"]
[Result "1/2-1/2"]
[WhiteElo "1592"]
[BlackElo "1552"]
[PlyCount "107"]

1. d4 Nf6 2. c4 e5 3. e3 exd4 4. exd4 Be7 5. Nf3 d6 6. Bd3 O-O 7. O-O Bg4 8. h3
Bh5 9. Be3 Nbd7 10. Nbd2 c5 11. Qb3 b6 12. Qc2 cxd4 13. Nxd4 Nc5 14. Nc6 Qd7
15. Nxe7+ Qxe7 16. Bf4 Bg6 17. Bg5 Qe5 18. Bxg6 Qxg5 19. Bf5 g6 20. Bd3 Nxd3
21. Qxd3 Qc5 22. Rfe1 Rfe8 23. Ne4 Nxe4 24. Rxe4 Re5 25. Rxe5 Qxe5 26. Qd2 Re8
27. Rd1 Re6 28. b3 Kg7 29. g3 h5 30. h4 Kf8 31. Kf1 Qe4 32. Kg1 Qe5 33. Kf1 Qe4
34. Kg1 Ke7 35. Qd3 Qxd3 36. Rxd3 Re1+ 37. Kg2 Re2 38. a4 Ke6 39. Kf3 Re1 40.
Re3+ Rxe3+ 41. Kxe3 d5 42. cxd5+ Kxd5 43. Kd3 Kc5 44. Kc3 a6 45. b4+ Kd5 46.
Kd3 f6 47. f3 g5 48. Kc3 b5 49. axb5 axb5 50. Kd3 gxh4 51. gxh4 Ke5 52. Ke3 Kd5
53. Kd3 Ke5 54. Ke3 1/2-1/2

[Event "Open Vitrolles 2018-2019"]
[Site "Aubagne"]
[Date "2018.12.08"]
[Round "4.3"]
[White "Vinet, Christophe"]
[Black "Blondelon, Claude"]
[Result "1-0"]
[WhiteElo "1638"]
[BlackElo "1219"]
[PlyCount "87"]

1. e4 e6 2. d4 d5 3. Nc3 Nf6 4. Bg5 Be7 5. e5 Nfd7 6. h4 c5 7. Be3 cxd4 8. Bxd4
Nc6 9. Nf3 Nxd4 10. Qxd4 h6 11. O-O-O O-O 12. g4 f6 13. Na4 fxe5 14. Nxe5 Bf6
15. f4 Nxe5 16. fxe5 Be7 17. g5 h5 18. Bd3 Bd7 19. Nc3 Be8 20. Rdf1 g6 21. Ne2
Bf7 22. Nf4 Qa5 23. Bxg6 Bxg6 24. Nxg6 Bc5 25. Qc3 Rxf1+ 26. Rxf1 Qxc3 27. bxc3
Rc8 28. Kd2 Kg7 29. Nf4 Re8 30. Nxh5+ Kg6 31. Nf4+ Kg7 32. h5 Bf8 33. h6+ Kh7
34. Rh1 Re7 35. g6+ Kh8 36. g7+ Bxg7 37. hxg7+ Kxg7 38. Rg1+ Kf7 39. Rg6 b6 40.
Rf6+ Ke8 41. Rxe6 Rxe6 42. Nxe6 Ke7 43. Nd4 a6 44. a4 1-0

[Event "Open Vitrolles 2018-2019"]
[Site "Aubagne"]
[Date "2018.12.08"]
[Round "4.4"]
[White "Bouriel, Michel"]
[Black "Pinto, Axel"]
[Result "1/2-1/2"]
[WhiteElo "1385"]
[BlackElo "1520"]
[PlyCount "43"]

1. c4 e5 2. Nc3 Nf6 3. Nf3 e4 4. Ng5 d5 5. cxd5 Bf5 6. Qb3 Nbd7 7. d6 Ne5 8.
dxc7 Qxc7 9. e3 h6 10. Bb5+ Kd8 11. Nh3 Bxh3 12. gxh3 Nf3+ 13. Ke2 Bd6 14. Bc4
Ne5 15. d3 Rc8 16. Nb5 exd3+ 17. Bxd3 Qc6 18. Rd1 Qf3+ 19. Ke1 Qh1+ 20. Bf1
Nf3+ 21. Ke2 Ng1+ 22. Ke1 1/2-1/2

[Event "Open Vitrolles 2018-2019"]
[Site "Aubagne"]
[Date "2018.12.08"]
[Round "4.5"]
[White "Amoros, Jean"]
[Black "Mars, Florence"]
[Result "1-0"]
[WhiteElo "1441"]
[BlackElo "1253"]
[PlyCount "65"]

1. e4 c5 2. d4 cxd4 3. c3 dxc3 4. Nxc3 Nc6 5. Nf3 e5 6. Bc4 Bb4 7. O-O Bxc3 8.
bxc3 Nf6 9. Bg5 O-O 10. Qd2 h6 11. Bh4 Re8 12. Rfe1 a6 13. Re3 Rb8 14. Rae1 Qe7
15. Bd5 d6 16. Ng5 Be6 17. Nxe6 fxe6 18. Rf3 Rf8 19. Bc4 Rbd8 20. Rg3 Kh7 21.
Rh3 b5 22. Bd3 Kg8 23. Ree3 Rf7 24. Reg3 Kf8 25. Be2 Qd7 26. Rxg7 Kxg7 27. Bg5
hxg5 28. Qxg5+ Kf8 29. Rh8+ Ke7 30. Rh6 Rg8 31. Qh4 Qd8 32. Bh5 Rff8 33. Rh7+
1-0

[Event "Open Vitrolles 2018-2019"]
[Site "Aubagne"]
[Date "2018.12.08"]
[Round "4.6"]
[White "Thiers, Jean-Jacques"]
[Black "Cens, Alain"]
[Result "1-0"]
[WhiteElo "1588"]
[BlackElo "1453"]
[PlyCount "67"]

1. d4 f5 2. c4 e6 3. Nf3 Nf6 4. Bf4 d5 5. e3 Be7 6. Bd3 O-O 7. O-O h6 8. h3 Bd7
9. Nc3 c6 10. cxd5 exd5 11. Ne5 Be6 12. Ng6 Re8 13. Qc2 Qc8 14. Rac1 Kh7 15.
Nxe7 Rxe7 16. Nb5 Ne8 17. a3 Rf7 18. Nc3 Nd7 19. Na4 Nb6 20. Nc5 g6 21. Kh2 Nf6
22. f3 Nh5 23. Be5 Ng7 24. g4 Nc4 25. Bxc4 dxc4 26. Bxg7 Kxg7 27. Nxe6+ Qxe6
28. Qc3 Kh7 29. gxf5 Rxf5 30. e4 Rh5 31. f4 Qxe4 32. Qxc4 Rxh3+ 33. Kxh3 Qe3+
34. Kg2 1-0

[Event "Open Vitrolles 2018-2019"]
[Site "Aubagne"]
[Date "2018.12.08"]
[Round "4.7"]
[White "Benoit-Lizon, Alain"]
[Black "Maccagno, Gilbert"]
[Result "1-0"]
[WhiteElo "1415"]
[BlackElo "1382"]
[PlyCount "231"]

1. e4 c5 2. d4 cxd4 3. c3 d3 4. Bxd3 e5 5. Nf3 Nc6 6. O-O Be7 7. Qe2 Nf6 8. Rd1
O-O 9. Nbd2 Qc7 10. Nc4 b5 11. Ne3 a6 12. Nd5 Qd8 13. Be3 Nxd5 14. exd5 Na5 15.
Nxe5 d6 16. Nf3 Bf6 17. Qc2 g6 18. b4 Nc4 19. Bxc4 bxc4 20. Bd4 Bf5 21. Qa4 Bg4
22. Bxf6 Qxf6 23. Rd4 Bxf3 24. gxf3 Qxf3 25. Rxc4 Qxd5 26. Rd4 Qe5 27. Rad1 Kg7
28. Qc6 Rac8 29. Qxd6 Qxd6 30. Rxd6 Rxc3 31. Rxa6 Rb8 32. Rb1 Rb5 33. a4 Rg5+
34. Kf1 Rh3 35. b5 Rxh2 36. Rb2 Rh1+ 37. Ke2 Ra1 38. b6 Re5+ 39. Kf3 Ra3+ 40.
Kf4 Re6 41. Ra5 Rxb6 42. Rxb6 h5 43. Kg5 Rf3 44. Rab5 Rxf2 45. a5 Rg2+ 46. Kh4
Ra2 47. a6 Ra1 48. Rc6 Ra4+ 49. Kg3 Ra3+ 50. Kf4 Ra4+ 51. Ke5 h4 52. Kd5 h3 53.
Rc4 Rxa6 54. Rh4 Ra3 55. Rb1 Ra5+ 56. Kc4 Ra3 57. Rb3 Ra4+ 58. Rb4 Ra3 59. Kd4
Rg3 60. Ke4 h2 61. Rb1 Rg2 62. Rh1 Re2+ 63. Kf3 Re5 64. R4xh2 Ra5 65. Rh7+ Kf6
66. R1h4 Ra3+ 67. Ke2 Ra2+ 68. Kd3 Ra3+ 69. Kc2 Rf3 70. Kd2 Rf5 71. Ke3 Kg5 72.
Rh2 Re5+ 73. Kf3 Ra5 74. Rxf7 Ra3+ 75. Ke4 Ra4+ 76. Kf3 Ra3+ 77. Kg2 Ra2+ 78.
Rf2 Ra4 79. Rh3 Ra6 80. Rg3+ Kh6 81. Kh3 Kg7 82. Rfg2 Kh7 83. Kh4 Kh6 84. Kg4
Ra4+ 85. Kf3 Ra3+ 86. Ke4 Ra6 87. Rh2+ Kg7 88. Rgh3 Ra4+ 89. Kd5 Ra5+ 90. Kc6
Rf5 91. Rh7+ Kf6 92. Rh8 Ke5 93. Rg2 g5 94. Rg8 Kd4 95. R2xg5 Rf6+ 96. Kd7 Ra6
97. Rg4+ Kc3 98. Rc8+ Kd3 99. Rc6 Ra7+ 100. Kd6 Ra8 101. Kd5 Rd8+ 102. Rd6 Ra8
103. Rg3+ Kc2 104. Rc6+ Kb2 105. Kd4 Rd8+ 106. Kc4 Rb8 107. Rc5 Rf8 108. Rb5+
Kc1 109. Kb3 Rf2 110. Rc5+ Kd2 111. Rc2+ Ke1 112. Rxf2 Kxf2 113. Rc3 Ke2 114.
Kc4 Kf2 115. Kd4 Ke1 116. Rc2 1-0

[Event "Open Vitrolles 2018-2019"]
[Site "Aubagne"]
[Date "2018.09.03"]
[Round "4.8"]
[White "Misene, Milan"]
[Black "Bregier, Gerard"]
[Result "0-1"]
[WhiteElo "1298"]
[BlackElo "1452"]
[PlyCount "90"]

1. e4 g6 2. d4 Bg7 3. Nf3 d6 4. h3 a6 5. c4 b6 6. Nc3 Nd7 7. Bg5 h6 8. Be3 e6
9. Be2 Ne7 10. Qd2 Bb7 11. O-O Nf6 12. Bd3 Nd7 13. b4 f5 14. d5 fxe4 15. Bxe4
exd5 16. cxd5 Nf6 17. Rad1 Nxe4 18. Nxe4 Bxd5 19. Nc3 Bxf3 20. gxf3 Nf5 21.
Rfe1 Kd7 22. f4 Nh4 23. Kf1 Nf3 24. Qe2 Nxe1 25. Qxe1 Qh4 26. Rd3 Qxh3+ 27. Ke2
Rae8 28. Kd2 Rhf8 29. Qg1 Qe6 30. a4 Bxc3+ 31. Rxc3 Qa2+ 32. Rc2 Qd5+ 33. Ke2
Rxf4 34. Rd2 Qf3+ 35. Kd3 Qe4+ 36. Ke2 Ref8 37. Qg3 Qe6 38. Kd1 Qg4+ 39. Qxg4+
Rxg4 40. Bxh6 Rf7 41. Be3 Rxb4 42. Ra2 c5 43. a5 b5 44. Rd2 Kc6 45. Rc2 Ra4 0-1

[Event "Open Vitrolles 2018-2019"]
[Site "Aubagne"]
[Date "2018.12.08"]
[Round "4.9"]
[White "Lambert, Lancelot"]
[Black "Briquet, Xavier"]
[Result "0-1"]
[WhiteElo "1176"]
[BlackElo "1420"]
[PlyCount "92"]

1. e4 d5 2. exd5 Nf6 3. d4 Nxd5 4. c4 Nf6 5. Nc3 Bf5 6. Nf3 Nbd7 7. Be2 e6 8.
a3 c6 9. Bf4 Nh5 10. Be3 Bd6 11. h3 Nf4 12. Bxf4 Bxf4 13. Bd3 Bxd3 14. Qxd3 Nc5
15. Qc2 Nd7 16. Qe4 Qc7 17. O-O O-O 18. Ne2 Bh6 19. Ng3 Rad8 20. Rfd1 Rfe8 21.
Rd3 f5 22. Qe2 Bf4 23. Nd2 Nf6 24. Nh5 Bg5 25. Rg3 Nxh5 26. Rxg5 Nf4 27. Qe3
Re7 28. Nf3 h6 29. Rg3 Kh7 30. Ne5 g5 31. Rf3 Ng6 32. Nxg6 Kxg6 33. g4 b6 34.
Qd3 Rf7 35. Kg2 h5 36. gxh5+ Kxh5 37. Qe2 Kg6 38. Qxe6+ Rf6 39. Qe3 Qf7 40. Rg3
f4 41. Qe4+ Kh6 42. Rg4 f3+ 43. Kh2 Re8 44. Qd3 Re2 45. Kg3 Qc7+ 46. Rf4 Qxf4#
0-1

[Event "Open Vitrolles 2018-2019"]
[Site "Aubagne"]
[Date "2018.12.08"]
[Round "4.10"]
[White "Coquet, Bruno"]
[Black "Chauvet, Joelle"]
[Result "0-1"]
[WhiteElo "1230"]
[BlackElo "1406"]
[PlyCount "66"]

1. e4 e5 2. Nf3 d6 3. d4 exd4 4. Nxd4 Nf6 5. Nc3 Be7 6. Bc4 O-O 7. O-O c6 8.
Re1 Re8 9. Qf3 Bg4 10. Qg3 Bh5 11. Nf5 Bg6 12. Bh6 Nh5 13. Qg4 Nd7 14. Nxe7+
Qxe7 15. Bg5 Ndf6 16. Qf3 Qe5 17. Bxf6 Qxf6 18. Re3 Qxf3 19. Rxf3 Nf6 20. Re1
Re5 21. Bd3 Rae8 22. Rfe3 a5 23. f4 R5e7 24. h3 h6 25. f5 Bh7 26. g4 Nd7 27.
Kf2 f6 28. Bc4+ Kf8 29. Be6 Nc5 30. Bb3 b5 31. a4 b4 32. Ne2 Nxe4+ 33. Kf3 Nd2+
0-1

[Event "Open Vitrolles 2018-2019"]
[Site "Aubagne"]
[Date "2018.12.08"]
[Round "4.11"]
[White "Pau, Gerard"]
[Black "Scamaroni, Jean-Paul"]
[Result "0-1"]
[WhiteElo "1045"]
[BlackElo "1549"]
[PlyCount "62"]

1. e4 c5 2. Nc3 Nc6 3. Nf3 g6 4. Bc4 Bg7 5. d3 d6 6. h3 Nf6 7. O-O a6 8. a4 Bd7
9. Nd5 Nxd5 10. Bxd5 O-O 11. Rb1 b5 12. b3 Rb8 13. Bb2 Bxb2 14. Rxb2 bxa4 15.
Ra2 axb3 16. Rxa6 bxc2 17. Qxc2 Nb4 18. Qc4 Nxa6 19. Qxa6 Bb5 20. Qa3 e6 21.
Bc4 Bxc4 22. dxc4 Qb6 23. Qa2 Qb3 24. Qxb3 Rxb3 25. Rd1 Rd8 26. e5 d5 27. cxd5
Rxd5 28. Nd2 Rbd3 29. Kf1 Rxd2 30. Rxd2 Rxd2 31. Ke1 Rd5 0-1

[Event "Open Vitrolles 2018-2019"]
[Site "Aubagne"]
[Date "2018.12.08"]
[Round "4.12"]
[White "Schoeni, Christine"]
[Black "Porte, Jacques"]
[Result "0-1"]
[WhiteElo "1024"]
[BlackElo "1275"]
[PlyCount "76"]

1. d4 Nf6 2. c4 e6 3. Bg5 Be7 4. Nc3 d6 5. e3 c6 6. Nf3 O-O 7. Be2 Re8 8. O-O
Nbd7 9. e4 Qc7 10. Bf4 b6 11. b4 Nh5 12. Bg5 Bxg5 13. Nxg5 Nhf6 14. Bh5 g6 15.
Bf3 Ba6 16. Qd3 Bb7 17. Rfe1 e5 18. d5 cxd5 19. cxd5 a6 20. a3 Rac8 21. Rac1
Qd8 22. Qe3 b5 23. Na2 Nb6 24. Rxc8 Bxc8 25. Be2 Re7 26. Rc1 Rc7 27. Qxb6 Rxc1+
28. Nxc1 Qxb6 29. Nd3 Qd4 30. Kf1 Qa1+ 31. Ne1 Qxa3 32. Nc2 Qb3 33. Bd3 Qxd3+
34. Ke1 Qxc2 35. Nf3 Qxe4+ 36. Kf1 Qxd5 37. h3 Qc4+ 38. Kg1 Qxb4 0-1

[Event "Open Vitrolles 2018-2019"]
[Site "Vitrolles"]
[Date "2019.01.12"]
[Round "5.1"]
[White "Fournier, Alain"]
[Black "Amoros, Jean"]
[Result "0-1"]
[WhiteElo "1509"]
[BlackElo "1422"]
[PlyCount "54"]

1. f4 Nf6 2. Nf3 Nc6 3. e3 d5 4. Bb5 a6 5. Bxc6+ bxc6 6. O-O e6 7. b3 Bb7 8.
Bb2 Bc5 9. Qe1 Qe7 10. Ne5 O-O-O 11. d4 Bb6 12. Nc3 Nd7 13. Na4 Ba7 14. Nxd7
Rxd7 15. Qa5 f5 16. c4 Rg8 17. cxd5 Rxd5 18. Qc3 g5 19. Rac1 gxf4 20. Rxf4 c5
21. Nxc5 Bxc5 22. dxc5 Rxg2+ 23. Kf1 Qg5 24. Qh8+ Rd8 25. Qe5 Rg1+ 26. Ke2 Qg2+
27. Rf2 Bf3# 0-1

[Event "Open Vitrolles 2018-2019"]
[Site "Vitrolles"]
[Date "2019.01.12"]
[Round "5.2"]
[White "Jullien, Patrick"]
[Black "Vinet, Christophe"]
[Result "0-1"]
[WhiteElo "1589"]
[BlackElo "1641"]
[PlyCount "80"]

1. d4 Nf6 2. c4 g6 3. Nc3 d5 4. cxd5 Nxd5 5. e4 Nxc3 6. bxc3 c5 7. Nf3 Bg7 8.
Bc4 O-O 9. O-O Nc6 10. Be3 Bg4 11. Rb1 cxd4 12. cxd4 Bxf3 13. gxf3 Bxd4 14.
Rxb7 Bxe3 15. fxe3 Na5 16. Rd7 Qb6 17. Qd4 Nxc4 18. Qxc4 Qxe3+ 19. Kh1 Rfc8 20.
Qd5 e6 21. Qb7 Qe2 22. Kg1 Rab8 23. Qxa7 Rb2 24. Rf2 Rc1+ 25. Kg2 Qf1+ 26. Kg3
Qg1+ 27. Kf4 g5+ 28. Ke5 Qxf2 29. Rxf7 Qxa7 30. Rxa7 Rxh2 31. Kxe6 Rc8 32. Kf6
Rh6+ 33. Kxg5 Rg6+ 34. Kf5 Rf8+ 35. Ke5 Rxf3 36. a4 h5 37. a5 h4 38. Ra8+ Kh7
39. a6 Ra3 40. a7 Rg7 0-1

[Event "Open Vitrolles 2018-2019"]
[Site "Vitrolles"]
[Date "2019.01.12"]
[Round "5.3"]
[White "Bregier, Gerard"]
[Black "Guisset, Andre"]
[Result "0-1"]
[WhiteElo "1447"]
[BlackElo "1378"]
[PlyCount "72"]

1. d4 Nf6 2. Bf4 e6 3. e3 c5 4. Nf3 d5 5. Nbd2 Nc6 6. c3 b6 7. Bd3 Be7 8. Ne5
Nxe5 9. dxe5 Nd7 10. Nf3 Bb7 11. Qe2 c4 12. Bc2 Nc5 13. O-O O-O 14. Rfd1 Qc7
15. Nd4 a6 16. Qh5 g6 17. Qh6 Rfe8 18. Nf3 Bf8 19. Qh3 Nd7 20. Bg3 Bg7 21. Rd4
Nxe5 22. Rh4 h5 23. Rxh5 gxh5 24. Qxh5 Nxf3+ 25. gxf3 Qe7 26. Bh7+ Kf8 27. Kh1
Qf6 28. Bd6+ Re7 29. Rg1 Ke8 30. e4 Kd7 31. e5 Qh6 32. Qg4 Qxh7 33. Qxg7 Qxg7
34. Rxg7 d4 35. Bxe7 Bxf3+ 36. Kg1 Kxe7 0-1

[Event "Open Vitrolles 2018-2019"]
[Site "Vitrolles"]
[Date "2019.01.12"]
[Round "5.4"]
[White "Pinto, Axel"]
[Black "Thiers, Jean-Jacques"]
[Result "1-0"]
[WhiteElo "1472"]
[BlackElo "1567"]
[PlyCount "51"]

1. d4 d5 2. c4 e6 3. Nc3 Nf6 4. Bg5 h6 5. Bxf6 gxf6 6. cxd5 exd5 7. Nf3 c6 8.
e3 Bf5 9. Bd3 Bg6 10. O-O Bd6 11. Nh4 Bh7 12. Bxh7 Rxh7 13. Qg4 Kf8 14. Nf5 Qd7
15. Qh3 Qe6 16. Nxd6 Qxd6 17. Qc8+ Kg7 18. Qxb7 Qd7 19. Qxa8 Rh8 20. Rac1 Na6
21. Qxh8+ Kxh8 22. Na4 Qb7 23. b3 Nb4 24. Nc5 Qb5 25. a3 Nd3 26. a4 1-0

[Event "Open Vitrolles 2018-2019"]
[Site "Vitrolles"]
[Date "2019.01.12"]
[Round "5.5"]
[White "Derien, Robert"]
[Black "Benoit-Lizon, Alain"]
[Result "1-0"]
[WhiteElo "1550"]
[BlackElo "1432"]
[PlyCount "47"]

1. e4 Nc6 2. d4 d5 3. exd5 Qxd5 4. Nf3 Bg4 5. Be2 O-O-O 6. c3 e5 7. O-O exd4 8.
cxd4 Nxd4 9. Nxd4 Bxe2 10. Qxe2 Qxd4 11. Nc3 Bd6 12. Be3 Qb4 13. Rfd1 Kb8 14.
Rd4 Qa5 15. Rad1 Nf6 16. Ra4 Qf5 17. Bxa7+ Kc8 18. Be3 Rhe8 19. g3 Ne4 20. Qd3
Qg6 21. Nxe4 f5 22. Nxd6+ Rxd6 23. Ra8+ Kd7 24. Qb5+ 1-0

[Event "Open Vitrolles 2018-2019"]
[Site "Vitrolles"]
[Date "2019.01.12"]
[Round "5.6"]
[White "Briquet, Xavier"]
[Black "Bouriel, Michel"]
[Result "1-0"]
[WhiteElo "1378"]
[BlackElo "1420"]
[PlyCount "61"]

1. e4 c5 2. Nf3 d6 3. Nc3 Nf6 4. Bc4 g6 5. d4 cxd4 6. Qxd4 Nc6 7. Qd1 Bg7 8.
O-O O-O 9. Bg5 a6 10. a3 b5 11. Ba2 Bb7 12. Re1 Rc8 13. Nd5 Nxd5 14. exd5 Ne5
15. Nxe5 Bxe5 16. Bxe7 Qxe7 17. f4 f6 18. fxe5 fxe5 19. Rc1 Qf7 20. Qd2 Qc7 21.
c3 Rf4 22. Kh1 Rcf8 23. Qe2 Rf2 24. Qg4 Bc8 25. Qg3 Rxb2 26. Bb1 Qc5 27. Bxg6
Kh8 28. Qh4 Qc7 29. Rf1 Qg7 30. Rxf8+ Qxf8 31. Qxh7# 1-0

[Event "Open Vitrolles 2018-2019"]
[Site "Vitrolles"]
[Date "2018.01.12"]
[Round "5.7"]
[White "Chauvet, Joelle"]
[Black "Blondelon, Claude"]
[Result "0-1"]
[WhiteElo "1392"]
[BlackElo "1255"]
[PlyCount "62"]

1. d4 d5 2. e3 e6 3. c4 Nf6 4. Nc3 c6 5. Nf3 Be7 6. Bd3 dxc4 7. Bxc4 Nbd7 8.
O-O O-O 9. Qc2 Qc7 10. e4 e5 11. b3 Bd6 12. g3 b5 13. Bd3 Bb7 14. Bb2 Rae8 15.
Rac1 Qb8 16. Ne2 a6 17. Nh4 exd4 18. Bxd4 Ne5 19. Bxe5 Rxe5 20. f4 Re6 21. e5
Nd5 22. Qb2 Bc7 23. Bf5 Bb6+ 24. Kh1 Rh6 25. Bh3 Ne3 26. Rfe1 Rxh4 27. Qb1 Rxh3
28. Nc3 c5+ 29. Ne4 Ng4 30. Re2 Qa8 31. Rce1 Bxe4+ 0-1

[Event "Open Vitrolles 2018-2019"]
[Site "Vitrolles"]
[Date "2019.01.12"]
[Round "5.8"]
[White "Mars, Florence"]
[Black "Porte, Jacques"]
[Result "0-1"]
[WhiteElo "1264"]
[BlackElo "1280"]
[PlyCount "146"]

1. e4 c5 2. c4 Nc6 3. Nf3 d6 4. d4 cxd4 5. Nxd4 Nf6 6. Nc3 e6 7. Be2 Be7 8. O-O
Bd7 9. f3 O-O 10. Be3 Qb6 11. Qd2 Nxd4 12. Bxd4 Qc7 13. a3 Bc6 14. Bf2 b6 15.
Rfd1 Rad8 16. Bg3 Nh5 17. Bf2 Rd7 18. Rac1 Qb8 19. b3 Rfd8 20. g4 Nf6 21. Bg3
h6 22. Qb2 Qb7 23. Bf1 a6 24. Bg2 b5 25. cxb5 Bxb5 26. Nxb5 Qxb5 27. Qc3 Qb6+
28. Bf2 Qb8 29. Bg3 Ne8 30. a4 Rc7 31. Qb2 Rxc1 32. Rxc1 e5 33. Bf1 Bg5 34. Rc3
Nf6 35. Bc4 a5 36. h4 Bf4 37. Bxf4 exf4 38. Rd3 Nd7 39. Qd2 Ne5 40. Rc3 Nxc4
41. bxc4 Qb4 42. Qc2 Kf8 43. Qb3 Rb8 44. Qxb4 Rxb4 45. Kf2 Rxa4 46. Ke2 Ra2+
47. Kd3 Rf2 48. Kd4 a4 49. Ra3 Rh2 50. h5 Rh3 51. e5 Ke7 52. Kd5 dxe5 53. Kxe5
g6 54. hxg6 fxg6 55. Kxf4 Kd6 56. Rxa4 Kc5 57. Ke4 Rh4 58. Kd3 Rh3 59. Ra5+ Kb6
60. Rb5+ Kc6 61. Ke4 g5 62. Rf5 Rh1 63. Ke5 Kc5 64. Kf6+ Kxc4 65. Kg7 Kd4 66.
Rf6 h5 67. gxh5 Rxh5 68. Kg6 Rh3 69. Kxg5 Rg3+ 70. Kf4 Rg1 71. Rd6+ Kc5 72. Ke5
Rg5+ 73. Ke6 Rg6+ 0-1